| 000 | 00347nam a2200145Ia 4500 | ||
|---|---|---|---|
| 008 | 150201s2009 xx 000 0 und d | ||
| 082 |
_a616.01 _bM09I |
||
| 100 | _aICHHPUJANI, R.L. | ||
| 245 | _aMEDICAL PARASITOLOGY | ||
| 250 | _a3RD | ||
| 260 |
_bJAYPEE BROTHERS _aDELHI _c2009 |
||
| 300 | _a1-309 | ||
| 650 | _aMICROBIOLOGY | ||
| 942 |
_2ddc _cBK _011 |
||
| 999 |
_c169 _d169 |
||